| 000 | 00842nam a2200265 a 4500 | ||
|---|---|---|---|
| 005 | 20191224041624.0 | ||
| 008 | 140304b2000 ck ||||| |||| 00| 0 spa d | ||
| 040 |
_aCO-BoIAVH _cCO-BoIAVH |
||
| 041 | _aspa | ||
| 044 | _ack | ||
| 082 |
_a581.63 _bC26p |
||
| 100 | 1 |
_aCárdenas López, Dairon _946277 |
|
| 245 | 1 | 0 |
_aPlantas útiles de la Amazonia colombiana, departamento del Amazonas _bperspectivas de los productos forestales no maderables |
| 260 |
_aBogotá: _bSINCHI, _c2000. |
||
| 300 | _a133 paginas | ||
| 650 | 6 |
_aPlantas útiles _946278 |
|
| 650 | 6 |
_aEtnobotánica _946279 |
|
| 650 | 6 |
_aProductos no maderables _94464 |
|
| 650 | 6 |
_aUso de biodiversidad _9343 |
|
| 650 | 6 |
_aTaxonomía _946281 |
|
| 650 | 6 |
_aComercio _946282 |
|
| 650 |
_aAmazonía Colombiana _946283 |
||
| 700 |
_aLópez Camacho, René _9442 |
||
| 942 |
_cLIBRO _2ddc |
||
| 999 |
_c2129 _d2129 |
||